[Event "Edmonton int."]
[Site "Edmonton CAN"]
[Date "2009.12.21"]
[Round "9.2"]
[White "Mikhalevski, Victor"]
[Black "Esserman, Mark"]
[Result "1/2-1/2"]
[WhiteElo "2607"]
[BlackElo "2408"]
[PlyCount "59"]
[GameId "2160767910030031"]
[EventDate "2009.12.17"]
[EventType "tourn"]
[EventRounds "9"]
[EventCountry "CAN"]
[EventCategory "7"]

1. d4 Nf6 2. c4 g6 3. Nc3 d5 4. Bf4 Bg7 5. e3 O-O 6. cxd5 Nxd5 7. Nxd5 Qxd5 8. Bxc7 Na6 9. Bxa6 bxa6 10. Nf3 Qb7 11. Bg3 Qxb2 12. O-O Be6 13. Qd2 Qxd2 14. Nxd2 Rfc8 15. Rfc1 Rxc1+ 16. Rxc1 Bxa2 17. Ra1 Bd5 18. Rxa6 Rc8 19. h3 Rc1+ 20. Kh2 Rc2 21. Ra5 e6 22. Nf3 Bh6 23. Kg1 Rc1+ 24. Kh2 Rc2 25. Kg1 Rc1+ 26. Kh2 Rc2 27. Kh1 Rc1+ 28. Ng1 Rc2 29. Nf3 Rc1+ 30. Kh2 1/2-1/2

[Event "Gatineau Echiquier Royal"]
[Site "Gatineau CAN"]
[Date "2009.01.10"]
[Round "1"]
[White "Lacourse, Guy"]
[Black "Jiang, Qizhe"]
[Result "1-0"]
[WhiteElo "1725"]
[BlackElo "1071"]
[PlyCount "97"]
[GameId "2160767910273332"]
[EventDate "2009.01.10"]
[EventType "tourn (rapid)"]
[EventRounds "3"]
[EventCountry "CAN"]
[SourceTitle "EXT 2011"]
[Source "ChessBase"]
[SourceDate "2011.11.26"]
[SourceVersion "1"]
[SourceVersionDate "2011.11.26"]
[SourceQuality "1"]

1. c4 e5 2. Nf3 Nc6 3. Nc3 d6 4. d4 exd4 5. Nxd4 Bd7 6. e4 Qe7 7. Be3 Nf6 8. f3 g6 9. Nd5 Nxd5 10. cxd5 Bg7 11. dxc6 Bxc6 12. Nxc6 bxc6 13. Bd4 Bxd4 14. Qxd4 f6 15. O-O-O O-O 16. Bc4+ Kg7 17. Ba6 c5 18. Qd5 Rab8 19. Bb7 c6 20. Bxc6 f5 21. Qxd6 Qxd6 22. Rxd6 fxe4 23. Rd7+ Rf7 24. fxe4 Rb6 25. Rf1 Rxd7 26. Bxd7 Rb7 27. Be6 Re7 28. Bd5 Kh6 29. Rf7 Rxf7 30. Bxf7 Kg7 31. Bc4 Kf6 32. Kd2 Ke5 33. Ke3 g5 34. g4 h6 35. h3 a5 36. b3 Kf6 37. a3 Ke5 38. b4 cxb4 39. axb4 axb4 40. Bb3 Kd6 41. Kd4 Ke7 42. Ke5 Kd7 43. Kf6 Kc6 44. e5 Kd7 45. e6+ Kd6 46. e7 Kd7 47. Ba4+ Kd6 48. e8=Q b3 49. Qe5# 1-0

[Event "Gatineau Echiquier Royal"]
[Site "Gatineau CAN"]
[Date "2009.01.10"]
[Round "2"]
[White "Menard, Marc"]
[Black "Lacourse, Guy"]
[Result "0-1"]
[WhiteElo "1413"]
[BlackElo "1725"]
[PlyCount "62"]
[GameId "2160767910273333"]
[EventDate "2009.01.10"]
[EventType "tourn (rapid)"]
[EventRounds "3"]
[EventCountry "CAN"]
[SourceTitle "EXT 2011"]
[Source "ChessBase"]
[SourceDate "2011.11.26"]
[SourceVersion "1"]
[SourceVersionDate "2011.11.26"]
[SourceQuality "1"]

1. e4 c5 2. Nf3 e6 3. d4 cxd4 4. Nxd4 Nf6 5. Nc3 d6 6. Be2 Be7 7. O-O O-O 8. Be3 Nc6 9. f4 Bd7 10. Kh1 Nxd4 11. Bxd4 Bc6 12. Bd3 Qc7 13. e5 Ne8 14. Qe2 g6 15. Ne4 Bxe4 16. Bxe4 d5 17. Bd3 Ng7 18. Rad1 b6 19. c4 dxc4 20. Bxc4 Bc5 21. Bc3 Nf5 22. b4 Be7 23. Rd3 Qxc4 24. Rfd1 Rad8 25. Qd2 Rxd3 26. Qxd3 Qxd3 27. Rxd3 Rd8 28. Rxd8+ Bxd8 29. Kg1 b5 30. Kf2 Bb6+ 31. Kf3 Nd4+ 0-1

[Event "Gatineau Fischer mem."]
[Site "Gatineau CAN"]
[Date "2009.01.20"]
[Round "1"]
[White "Beland, Guy"]
[Black "Scantland, Patrick"]
[Result "0-1"]
[WhiteElo "1307"]
[BlackElo "1715"]
[PlyCount "68"]
[GameId "2160767910273212"]
[EventDate "2009.01.20"]
[EventType "swiss"]
[EventRounds "6"]
[EventCountry "CAN"]
[SourceTitle "EXT 2011"]
[Source "ChessBase"]
[SourceDate "2011.11.26"]
[SourceVersion "1"]
[SourceVersionDate "2011.11.26"]
[SourceQuality "1"]

1. e4 c5 2. Nf3 d6 3. d4 cxd4 4. Nxd4 Nf6 5. Nc3 a6 6. Be2 e5 7. Nb3 Be7 8. O-O O-O 9. Be3 Be6 10. f4 Qc7 11. f5 Bc4 12. Nd2 Bxe2 13. Nxe2 b5 14. c3 Nbd7 15. Rc1 Ng4 16. Rf3 Nxe3 17. Rxe3 Qa7 18. Kf2 Bg5 19. Nf1 Nf6 20. Kf3 d5 21. Neg3 Rfd8 22. Ke2 Bxe3 23. Nxe3 dxe4 24. Qc2 Rd3 25. Ngf1 Rad8 26. h3 Nd5 27. Nxd5 R8xd5 28. c4 Rc5 29. b4 Rxc4 30. Qb2 Rxc1 31. Qxc1 Qd7 32. g4 Rxh3 33. Qc5 Qd3+ 34. Ke1 Qc3+ 0-1

[Event "Gatineau Fischer mem."]
[Site "Gatineau CAN"]
[Date "2009.01.20"]
[Round "1"]
[White "Cossette, Daniel"]
[Black "Thibault, Mario"]
[Result "1/2-1/2"]
[WhiteElo "2063"]
[BlackElo "1632"]
[PlyCount "80"]
[GameId "2160767910273213"]
[EventDate "2009.01.20"]
[EventType "swiss"]
[EventRounds "6"]
[EventCountry "CAN"]
[SourceTitle "EXT 2011"]
[Source "ChessBase"]
[SourceDate "2011.11.26"]
[SourceVersion "1"]
[SourceVersionDate "2011.11.26"]
[SourceQuality "1"]

1. e4 c5 2. d4 cxd4 3. c3 dxc3 4. Nxc3 Nc6 5. Nf3 e6 6. Bf4 a6 7. e5 Bb4 8. Bd3 Nge7 9. O-O Ng6 10. Bg3 O-O 11. Qc2 Qa5 12. Rfe1 Bc5 13. a3 Nd4 14. Nxd4 Bxd4 15. Re4 Bxc3 16. bxc3 b5 17. Rd4 Ra7 18. Qb2 Qc7 19. Re1 Bb7 20. f4 Rc8 21. Bf2 Raa8 22. c4 bxc4 23. Rxc4 Bc6 24. Qc3 Rab8 25. Bc5 Qb7 26. Bd6 Qa7+ 27. Bc5 Qa8 28. Bf1 Bb5 29. Rb4 Bxf1 30. Rxf1 Rb5 31. Rxb5 axb5 32. Qe3 Qd5 33. Bb4 Nh4 34. Qe2 Qd4+ 35. Qf2 Qxf2+ 36. Kxf2 h5 37. Rd1 Rc2+ 38. Kg3 Nf5+ 39. Kf3 Nh4+ 40. Kg3 Nf5+ 1/2-1/2

[Event "Gatineau Fischer mem."]
[Site "Gatineau CAN"]
[Date "2009.01.20"]
[Round "1"]
[White "Danilov, Alex"]
[Black "Arsenault, Yves"]
[Result "1-0"]
[WhiteElo "1850"]
[BlackElo "1402"]
[PlyCount "141"]
[GameId "2160767910273214"]
[EventDate "2009.01.20"]
[EventType "swiss"]
[EventRounds "6"]
[EventCountry "CAN"]
[SourceTitle "EXT 2011"]
[Source "ChessBase"]
[SourceDate "2011.11.26"]
[SourceVersion "1"]
[SourceVersionDate "2011.11.26"]
[SourceQuality "1"]

1. c4 e5 2. g3 Nc6 3. Bg2 Nf6 4. Nc3 Bc5 5. e3 d6 6. Nge2 O-O 7. Na4 Nd7 8. Nxc5 Nxc5 9. d3 Nb4 10. O-O Nbxd3 11. Qd2 Nxc1 12. Raxc1 c6 13. b4 Ne6 14. Rfd1 Qf6 15. Nc3 Qg6 16. Qxd6 f6 17. Qd3 f5 18. Ne2 Rd8 19. Qc3 Rxd1+ 20. Rxd1 Qf6 21. b5 Nc5 22. bxc6 bxc6 23. f4 exf4 24. Qxf6 gxf6 25. Bxc6 Rb8 26. Nxf4 Bb7 27. Rb1 a6 28. Ne6 Nxe6 29. Rxb7 Rxb7 30. Bxb7 Nc5 31. Bc8 a5 32. Bxf5 h6 33. Kf2 Kf8 34. Ke2 Ke7 35. Kd2 Kd6 36. Kc3 Ke5 37. Bc2 Ne6 38. Kb3 Nc5+ 39. Ka3 Kd6 40. Kb2 Ke5 41. Kc3 Na6 42. Kd2 Nb4 43. a3 Na6 44. Ke2 Nc5 45. Kf3 Ne6 46. Kg4 Ng7 47. Kf3 Ne6 48. h4 f5 49. Ba4 Nc5 50. Bc6 Kd6 51. Bd5 Ke5 52. g4 fxg4+ 53. Kxg4 Kf6 54. Kh5 Kg7 55. e4 Nd7 56. Kg4 Kf6 57. Kf4 Ne5 58. Ke3 Nd7 59. Kd4 Ne5 60. c5 Nf3+ 61. Kc4 Nxh4 62. c6 Ng6 63. c7 Ne7 64. Bb7 h5 65. c8=Q Nxc8 66. Bxc8 Ke5 67. Kd3 h4 68. Bd7 Kd6 69. Bf5 Ke5 70. Ke3 Kf6 71. Kf4 1-0

[Event "Gatineau Fischer mem."]
[Site "Gatineau CAN"]
[Date "2009.01.20"]
[Round "1"]
[White "Gagnon, Fabien"]
[Black "Rainey, Ivan"]
[Result "1-0"]
[WhiteElo "1900"]
[BlackElo "1456"]
[PlyCount "57"]
[GameId "2160767910273215"]
[EventDate "2009.01.20"]
[EventType "swiss"]
[EventRounds "6"]
[EventCountry "CAN"]
[SourceTitle "EXT 2011"]
[Source "ChessBase"]
[SourceDate "2011.11.26"]
[SourceVersion "1"]
[SourceVersionDate "2011.11.26"]
[SourceQuality "1"]

1. Nf3 Nf6 2. c4 g6 3. Nc3 d6 4. d4 Bg7 5. g3 O-O 6. Bg2 Re8 7. O-O Nc6 8. e4 e5 9. d5 Ne7 10. b4 a5 11. b5 Nd7 12. Be3 b6 13. Qd2 Nc5 14. Ne1 f5 15. f3 Rf8 16. Rc1 Kh8 17. Nd3 Ng8 18. Nxc5 bxc5 19. f4 exf4 20. Bxf4 fxe4 21. Nxe4 Nf6 22. Ng5 Nh5 23. Be3 Kg8 24. Ne6 Bxe6 25. dxe6 Rb8 26. Qxa5 Qe7 27. Rxf8+ Rxf8 28. Qd2 Qxe6 29. Bd5 1-0

[Event "Gatineau Fischer mem."]
[Site "Gatineau CAN"]
[Date "2009.01.20"]
[Round "1"]
[White "Groleau, Gilles"]
[Black "Lacourse, Guy"]
[Result "1-0"]
[WhiteElo "1959"]
[BlackElo "1576"]
[PlyCount "115"]
[GameId "2160767910273216"]
[EventDate "2009.01.20"]
[EventType "swiss"]
[EventRounds "6"]
[EventCountry "CAN"]
[SourceTitle "EXT 2011"]
[Source "ChessBase"]
[SourceDate "2011.11.26"]
[SourceVersion "1"]
[SourceVersionDate "2011.11.26"]
[SourceQuality "1"]

1. e4 c5 2. Nc3 Nc6 3. f4 d6 4. Nf3 g6 5. Bb5 Bg7 6. Bxc6+ bxc6 7. d3 Nf6 8. O-O O-O 9. e5 Nd5 10. Ne4 f5 11. Neg5 h6 12. Nh3 Nc7 13. Qe1 d5 14. c4 d4 15. b3 a5 16. Bd2 Ne6 17. Qg3 Qe8 18. Rfb1 Bd7 19. Qe1 Qd8 20. Nf2 Be8 21. Nd1 Bf7 22. Nb2 Qc7 23. Na4 Rfb8 24. Rb2 Bf8 25. Qg3 Qa7 26. Rf1 Nd8 27. Bc1 e6 28. Re2 Qc7 29. Ba3 Nb7 30. h4 h5 31. Ng5 Kg7 32. Qf3 Bg8 33. Ref2 Ra6 34. Qe2 Bf7 35. Rf3 Qd8 36. Rg3 Bg8 37. Kf2 Kh6 38. Rh1 Be7 39. Rhh3 Rc8 40. Ke1 Qd7 41. Kd2 Re8 42. Kc2 Ra7 43. Qf2 Ra6 44. Bc1 Rd8 45. Qe2 Qe8 46. Ne4 Qf8 47. Nf6 Bxf6 48. exf6 Qxf6 49. Ba3 Bf7 50. Qe5 Qxe5 51. fxe5 Raa8 52. Rg5 Rg8 53. Rf3 Rad8 54. Bxc5 Nxc5 55. Nxc5 Rge8 56. Rf4 Re7 57. Kb2 Rb8 58. Rxd4 1-0

[Event "Gatineau Fischer mem."]
[Site "Gatineau CAN"]
[Date "2009.01.20"]
[Round "1"]
[White "Jiang, Qizhe"]
[Black "Matte, Martin"]
[Result "1-0"]
[WhiteElo "1026"]
[BlackElo "1650"]
[PlyCount "93"]
[GameId "2160767910273217"]
[EventDate "2009.01.20"]
[EventType "swiss"]
[EventRounds "6"]
[EventCountry "CAN"]
[SourceTitle "EXT 2011"]
[Source "ChessBase"]
[SourceDate "2011.11.26"]
[SourceVersion "1"]
[SourceVersionDate "2011.11.26"]
[SourceQuality "1"]

1. e4 e6 2. d4 d5 3. e5 a6 4. a3 c5 5. Be3 c4 6. Nc3 Bd7 7. Nf3 h6 8. g3 a5 9. Bg2 a4 10. O-O b5 11. b4 axb3 12. cxb3 Bxa3 13. Bc1 b4 14. Bxa3 bxa3 15. bxc4 Qa5 16. Qc2 dxc4 17. Nd2 Ba4 18. Nxa4 Qxa4 19. Qxc4 Qxc4 20. Nxc4 Ra7 21. Nxa3 Ne7 22. Nc4 Rxa1 23. Nd6+ Kd7 24. Rxa1 f5 25. Ra7+ Kd8 26. Nf7+ Kc8 27. Nxh8 Nbc6 28. Bxc6 Nxc6 29. Rxg7 Nxd4 30. Kg2 Nc6 31. Kh3 Nxe5 32. Re7 Nf3 33. g4 f4 34. Nf7 e5 35. Nxh6 Kd8 36. Ra7 e4 37. Ra3 Ke7 38. g5 Nxg5+ 39. Kg4 Ne6 40. Kf5 e3 41. fxe3 f3 42. Ng4 Kd6 43. e4 Nd4+ 44. Kf4 Kc5 45. e5 Kb4 46. Rxf3 Nxf3 47. Kxf3 1-0

[Event "Gatineau Fischer mem."]
[Site "Gatineau CAN"]
[Date "2009.01.20"]
[Round "1"]
[White "Lavergne, Daniel"]
[Black "Brousseau, Yvan"]
[Result "0-1"]
[WhiteElo "1624"]
[BlackElo "2050"]
[PlyCount "76"]
[GameId "2160767910273218"]
[EventDate "2009.01.20"]
[EventType "swiss"]
[EventRounds "6"]
[EventCountry "CAN"]
[SourceTitle "EXT 2011"]
[Source "ChessBase"]
[SourceDate "2011.11.26"]
[SourceVersion "1"]
[SourceVersionDate "2011.11.26"]
[SourceQuality "1"]

1. e4 c6 2. Nc3 d5 3. exd5 cxd5 4. Bb5+ Nc6 5. Qf3 Nf6 6. h3 a6 7. Bxc6+ bxc6 8. d4 Qb6 9. Nge2 g6 10. Bg5 Bg7 11. O-O-O Rb8 12. b3 O-O 13. g4 Re8 14. Bf4 Ra8 15. Be5 Nd7 16. Bxg7 Kxg7 17. h4 Nf6 18. g5 Nh5 19. Ng3 Nxg3 20. fxg3 Be6 21. h5 Qc7 22. hxg6 hxg6 23. Rh6 Rh8 24. Rdh1 Qd7 25. Rxh8 Rxh8 26. Rxh8 Kxh8 27. Ne2 Kg7 28. Nf4 Bg4 29. Qh1 Qf5 30. Qe1 Qxg5 31. Qa5 Bf5 32. Qxa6 Qxg3 33. Qf1 Qe3+ 34. Kb1 Qxd4 35. a4 Qc3 36. Qc1 e5 37. Nh5+ gxh5 38. Qg5+ Bg6 0-1

[Event "Gatineau Fischer mem."]
[Site "Gatineau CAN"]
[Date "2009.01.20"]
[Round "1"]
[White "Levesque, Andre"]
[Black "Beriault, Silvain"]
[Result "0-1"]
[WhiteElo "1257"]
[BlackElo "1688"]
[PlyCount "92"]
[GameId "2160767910273219"]
[EventDate "2009.01.20"]
[EventType "swiss"]
[EventRounds "6"]
[EventCountry "CAN"]
[SourceTitle "EXT 2011"]
[Source "ChessBase"]
[SourceDate "2011.11.26"]
[SourceVersion "1"]
[SourceVersionDate "2011.11.26"]
[SourceQuality "1"]

1. e4 c5 2. Nc3 Nc6 3. f4 d6 4. Nf3 Nf6 5. Bc4 e6 6. Bb3 a6 7. O-O b5 8. d3 Be7 9. a3 O-O 10. Re1 Ne8 11. Be3 Nc7 12. Bf2 Re8 13. Ne2 d5 14. e5 c4 15. dxc4 bxc4 16. Ba4 Bd7 17. c3 Rb8 18. Rb1 Na5 19. Bc2 Nb3 20. Ned4 Nxd4 21. Nxd4 Nb5 22. a4 Nxd4 23. Qxd4 Qa5 24. b3 cxb3 25. Bxb3 Rec8 26. Rec1 Bc5 27. Qd2 Bxf2+ 28. Kxf2 Bxa4 29. Qa2 Qb6+ 30. Ke2 Bxb3 31. Qd2 Bc4+ 32. Kf3 Qc5 33. Rb2 Rxb2 34. Qxb2 Qb5 35. Qd2 a5 36. Qc2 a4 37. f5 Bd3 38. Qd2 Bxf5 39. g4 Qd3+ 40. Qxd3 Bxd3 41. Ke3 Bc4 42. h4 a3 43. h5 a2 44. Kd2 Rb8 45. Kc2 Bd3+ 46. Kxd3 Rb1 0-1

[Event "Gatineau Fischer mem."]
[Site "Gatineau CAN"]
[Date "2009.01.20"]
[Round "1"]
[White "Menard, Marc"]
[Black "Desjardins, Michel"]
[Result "0-1"]
[WhiteElo "1529"]
[BlackElo "1944"]
[PlyCount "48"]
[GameId "2160767910273220"]
[EventDate "2009.01.20"]
[EventType "swiss"]
[EventRounds "6"]
[EventCountry "CAN"]
[SourceTitle "EXT 2011"]
[Source "ChessBase"]
[SourceDate "2011.11.26"]
[SourceVersion "1"]
[SourceVersionDate "2011.11.26"]
[SourceQuality "1"]

1. e4 d5 2. exd5 Qxd5 3. Nc3 Qd6 4. d4 Nf6 5. Nf3 a6 6. Bc4 Bg4 7. O-O e6 8. Re1 Be7 9. Ne4 Nxe4 10. Rxe4 Bf5 11. Re1 O-O 12. d5 b5 13. Bb3 c5 14. c4 exd5 15. Qxd5 Qxd5 16. cxd5 Bf6 17. a4 c4 18. Bd1 Nd7 19. axb5 axb5 20. Rxa8 Rxa8 21. b3 cxb3 22. Bxb3 Nc5 23. Re3 Nxb3 24. Rxb3 Ra1 0-1

[Event "Gatineau Fischer mem."]
[Site "Gatineau CAN"]
[Date "2009.01.20"]
[Round "1"]
[White "Pilon, Robert"]
[Black "Guimond, Michel"]
[Result "0-1"]
[WhiteElo "1444"]
[BlackElo "1895"]
[PlyCount "100"]
[GameId "2160767910273221"]
[EventDate "2009.01.20"]
[EventType "swiss"]
[EventRounds "6"]
[EventCountry "CAN"]
[SourceTitle "EXT 2011"]
[Source "ChessBase"]
[SourceDate "2011.11.26"]
[SourceVersion "1"]
[SourceVersionDate "2011.11.26"]
[SourceQuality "1"]

1. d4 c5 2. c3 d5 3. Nf3 Nc6 4. Bf4 c4 5. Nbd2 Bg4 6. e3 Nf6 7. h3 Bf5 8. Nh4 Be4 9. Nxe4 Nxe4 10. Nf3 e6 11. Qc2 g5 12. Bh2 Bd6 13. Bxc4 Bxh2 14. Nxh2 f5 15. Bb5 Qc7 16. Nf3 O-O 17. Bxc6 Qxc6 18. Qe2 Nxc3 19. Ne5 Nxe2 20. Nxc6 bxc6 21. Kxe2 e5 22. dxe5 f4 23. exf4 Rxf4 24. Rhe1 h5 25. Rac1 Rc8 26. Rc5 g4 27. hxg4 hxg4 28. e6 Re4+ 29. Kf1 Rxe1+ 30. Kxe1 Kf8 31. Ke2 Ke7 32. Ke3 Kxe6 33. Kf4 Kd6 34. Ra5 Rf8+ 35. Kg3 Rf7 36. Ra4 c5 37. Rxg4 d4 38. Rf4 Re7 39. Rh4 d3 40. Rh1 Kd5 41. Rh5+ Kd4 42. Rh8 Re5 43. Rd8+ Rd5 44. Rxd5+ Kxd5 45. Kf3 Kd4 46. g4 c4 47. g5 c3 48. bxc3+ Kxc3 49. g6 d2 50. Ke2 Kc2 0-1

[Event "Gatineau Fischer mem."]
[Site "Gatineau CAN"]
[Date "2009.01.20"]
[Round "1"]
[White "Sabourin, Yves"]
[Black "Libersan, Mattieu"]
[Result "0-1"]
[WhiteElo "1395"]
[BlackElo "1846"]
[PlyCount "38"]
[GameId "2160767910273222"]
[EventDate "2009.01.20"]
[EventType "swiss"]
[EventRounds "6"]
[EventCountry "CAN"]
[SourceTitle "EXT 2011"]
[Source "ChessBase"]
[SourceDate "2011.11.26"]
[SourceVersion "1"]
[SourceVersionDate "2011.11.26"]
[SourceQuality "1"]

1. d4 Nf6 2. c4 e5 3. dxe5 Ng4 4. Nf3 Bc5 5. e3 Nc6 6. Be2 O-O 7. b3 Ngxe5 8. Bb2 Re8 9. O-O Nxf3+ 10. Bxf3 a5 11. a3 Ra6 12. Nc3 Ne5 13. Be2 Rh6 14. Bg4 Qg5 15. Ne4 Qh4 16. Bh3 Qxe4 17. Qc1 Rxh3 18. gxh3 Nf3+ 19. Kh1 Nh4+ 0-1

[Event "Gatineau Fischer mem."]
[Site "Gatineau CAN"]
[Date "2009.01.20"]
[Round "1"]
[White "Van Dusen, Eric"]
[Black "Berthiaume, Serge"]
[Result "1-0"]
[WhiteElo "1831"]
[BlackElo "1356"]
[PlyCount "37"]
[GameId "2160767910273224"]
[EventDate "2009.01.20"]
[EventType "swiss"]
[EventRounds "6"]
[EventCountry "CAN"]
[SourceTitle "EXT 2011"]
[Source "ChessBase"]
[SourceDate "2011.11.26"]
[SourceVersion "1"]
[SourceVersionDate "2011.11.26"]
[SourceQuality "1"]

1. d4 d5 2. c4 Bf5 3. Qa4+ c6 4. Nc3 Nd7 5. c5 e6 6. f3 Nxc5 7. dxc5 Bxc5 8. e4 dxe4 9. fxe4 Bg6 10. Nf3 Ne7 11. Bg5 O-O 12. h4 f6 13. h5 fxg5 14. hxg6 Nxg6 15. Qc4 Be3 16. Qxe6+ Kh8 17. Qxg6 h6 18. Bc4 Qb6 19. Rxh6+ 1-0

[Event "Gatineau Fischer mem."]
[Site "Gatineau CAN"]
[Date "2009.01.27"]
[Round "2"]
[White "Arsenault, Michel"]
[Black "MacIsaac, Alexandre"]
[Result "1-0"]
[WhiteElo "1974"]
[BlackElo "1452"]
[PlyCount "57"]
[GameId "2160767910273225"]
[EventDate "2009.01.20"]
[EventType "swiss"]
[EventRounds "6"]
[EventCountry "CAN"]
[SourceTitle "EXT 2011"]
[Source "ChessBase"]
[SourceDate "2011.11.26"]
[SourceVersion "1"]
[SourceVersionDate "2011.11.26"]
[SourceQuality "1"]

1. e4 c5 2. Nf3 d6 3. d4 cxd4 4. Nxd4 Nf6 5. Nc3 g6 6. Be3 Bg7 7. f3 O-O 8. Bc4 Nc6 9. Qd2 Bd7 10. O-O-O Rc8 11. Bb3 Ne5 12. h4 Nc4 13. Bxc4 Rxc4 14. Kb1 Re8 15. g4 Qa5 16. h5 Rec8 17. Nde2 b5 18. hxg6 hxg6 19. Bh6 Bh8 20. Bf8 Nh5 21. Rxh5 gxh5 22. Bxe7 f6 23. Qd5+ Kg7 24. gxh5 Kh6 25. Rg1 Be8 26. Bf8+ Bg7 27. Qd2+ Kxh5 28. Nf4+ Kh6 29. Qh2+ 1-0

[Event "Gatineau Fischer mem."]
[Site "Gatineau CAN"]
[Date "2009.01.27"]
[Round "2"]
[White "Arsenault, Yves"]
[Black "Levesque, Andre"]
[Result "1-0"]
[WhiteElo "1402"]
[BlackElo "1257"]
[PlyCount "57"]
[GameId "2160767910273226"]
[EventDate "2009.01.20"]
[EventType "swiss"]
[EventRounds "6"]
[EventCountry "CAN"]
[SourceTitle "EXT 2011"]
[Source "ChessBase"]
[SourceDate "2011.11.26"]
[SourceVersion "1"]
[SourceVersionDate "2011.11.26"]
[SourceQuality "1"]

1. e4 c5 2. Nf3 Nc6 3. d4 cxd4 4. Nxd4 g6 5. c3 Bg7 6. Be3 Nf6 7. f3 O-O 8. Nd2 d5 9. Nxc6 bxc6 10. e5 Nd7 11. f4 e6 12. Nf3 f6 13. exf6 Bxf6 14. Nd4 Nb8 15. Be2 e5 16. fxe5 Bxe5 17. Nf3 Bf6 18. O-O Nd7 19. Qd2 Re8 20. Rae1 Nb6 21. b3 Nd7 22. Nd4 Qc7 23. Bg4 Bh4 24. Be6+ Kh8 25. Bf2 Bxf2+ 26. Rxf2 Nc5 27. Rf7 Re7 28. Rf8+ Kg7 29. Rg8+ 1-0

[Event "Gatineau Fischer mem."]
[Site "Gatineau CAN"]
[Date "2009.01.27"]
[Round "2"]
[White "Beland, Guy"]
[Black "Menard, Marc"]
[Result "0-1"]
[WhiteElo "1307"]
[BlackElo "1529"]
[PlyCount "66"]
[GameId "2160767910273227"]
[EventDate "2009.01.20"]
[EventType "swiss"]
[EventRounds "6"]
[EventCountry "CAN"]
[SourceTitle "EXT 2011"]
[Source "ChessBase"]
[SourceDate "2011.11.26"]
[SourceVersion "1"]
[SourceVersionDate "2011.11.26"]
[SourceQuality "1"]

1. e4 e5 2. Nf3 Nc6 3. Bc4 Nf6 4. d3 d6 5. h3 Na5 6. Nbd2 Nxc4 7. Nxc4 Be7 8. O-O O-O 9. c3 b5 10. Ne3 c6 11. Nf5 Bxf5 12. exf5 Qd7 13. g4 Rfe8 14. Qc2 h6 15. Kh1 c5 16. Be3 Qc6 17. Qe2 e4 18. dxe4 Nxe4 19. Kg1 Bf8 20. Nh4 Ng5 21. Kh2 Rad8 22. f4 Ne4 23. Qf3 d5 24. g5 d4 25. cxd4 cxd4 26. Rac1 Qa8 27. gxh6 dxe3 28. h7+ Kxh7 29. Qh5+ Kg8 30. Ng6 Rd2+ 31. Kg1 fxg6 32. fxg6 Nf6 33. Qf3 Qxf3 0-1

[Event "Gatineau Fischer mem."]
[Site "Gatineau CAN"]
[Date "2009.01.27"]
[Round "2"]
[White "Beriault, Silvain"]
[Black "Gagnon, Fabien"]
[Result "0-1"]
[WhiteElo "1688"]
[BlackElo "1900"]
[PlyCount "48"]
[GameId "2160767910273228"]
[EventDate "2009.01.20"]
[EventType "swiss"]
[EventRounds "6"]
[EventCountry "CAN"]
[SourceTitle "EXT 2011"]
[Source "ChessBase"]
[SourceDate "2011.11.26"]
[SourceVersion "1"]
[SourceVersionDate "2011.11.26"]
[SourceQuality "1"]

1. d4 Nf6 2. Nf3 g6 3. c4 Bg7 4. Nc3 O-O 5. e4 d6 6. Be2 Nbd7 7. O-O e5 8. d5 Ne8 9. Be3 f5 10. Ng5 Ndf6 11. exf5 gxf5 12. Qc2 h6 13. Nf3 Ng4 14. h3 Nxe3 15. fxe3 e4 16. Nh2 Qg5 17. Qd2 Be5 18. Rf2 Rf7 19. g4 Rg7 20. Rg2 Nf6 21. Rf1 Qh4 22. Bd1 Qxh3 23. Kh1 Bxh2 24. Qe2 Bf4+ 0-1

[Event "Gatineau Fischer mem."]
[Site "Gatineau CAN"]
[Date "2009.01.27"]
[Round "2"]
[White "Berthiaume, Patrick"]
[Black "Pilon, Robert"]
[Result "0-1"]
[WhiteElo "1233"]
[BlackElo "1444"]
[PlyCount "66"]
[GameId "2160767910273229"]
[EventDate "2009.01.20"]
[EventType "swiss"]
[EventRounds "6"]
[EventCountry "CAN"]
[SourceTitle "EXT 2011"]
[Source "ChessBase"]
[SourceDate "2011.11.26"]
[SourceVersion "1"]
[SourceVersionDate "2011.11.26"]
[SourceQuality "1"]

1. e4 Nc6 2. d4 d5 3. e5 Bf5 4. Nf3 e6 5. c3 a6 6. Bd3 Nge7 7. Bg5 Qd7 8. Be2 h6 9. Bxe7 Bxe7 10. Qb3 b5 11. Nbd2 O-O 12. a4 Na5 13. Qd1 b4 14. Qc1 c5 15. O-O bxc3 16. bxc3 cxd4 17. cxd4 Rfc8 18. Qd1 Bc2 19. Qe1 Bxa4 20. Nb1 Nc4 21. Bxc4 Rxc4 22. Na3 Bxa3 23. Rxa3 Bb5 24. Qd2 Rac8 25. Rd1 Rc2 26. Qe3 Re2 27. Qb3 Rcc2 28. Rf1 Rb2 29. Qc3 Rec2 30. Qe3 Bxf1 31. Kxf1 Qb5+ 32. Kg1 Rb1+ 33. Ne1 Rcc1 0-1

[Event "Gatineau Fischer mem."]
[Site "Gatineau CAN"]
[Date "2009.01.27"]
[Round "2"]
[White "Berthiaume, Serge"]
[Black "Lavergne, Daniel"]
[Result "0-1"]
[WhiteElo "1356"]
[BlackElo "1624"]
[PlyCount "56"]
[GameId "2160767910273230"]
[EventDate "2009.01.20"]
[EventType "swiss"]
[EventRounds "6"]
[EventCountry "CAN"]
[SourceTitle "EXT 2011"]
[Source "ChessBase"]
[SourceDate "2011.11.26"]
[SourceVersion "1"]
[SourceVersionDate "2011.11.26"]
[SourceQuality "1"]

1. d4 d5 2. Nf3 Nf6 3. Bf4 e6 4. e3 c5 5. c3 Nbd7 6. c4 cxd4 7. Qxd4 Qa5+ 8. Nc3 Bb4 9. Bd3 Bc5 10. Bc7 Qxc7 11. Nb5 Qa5+ 12. Qc3 Bb4 13. O-O Bxc3 14. Nxc3 dxc4 15. Bxc4 O-O 16. Rfd1 a6 17. Bb3 b5 18. a3 Bb7 19. Nd4 Rac8 20. Bc2 Qc7 21. h3 Qe5 22. Bd3 Qg5 23. Bf1 e5 24. Nde2 e4 25. Ng3 Ne5 26. Be2 h5 27. Rd4 Rxc3 28. bxc3 h4 0-1